Κ.Π. Καβάφης : η ποίηση και η ποιητική του

Αποθηκεύτηκε σε:
Λεπτομέρειες βιβλιογραφικής εγγραφής
Κύριος συγγραφέας: Δασκαλόπουλος, Δημήτρης, 1939-
Μορφή: Βιβλίο
Γλώσσα:Greek
Δημοσίευση: Αθήνα : Κίχλη, 2013.
Σειρά:Μελέτες - Δοκίμια (Κίχλη)
Θέματα:
Ετικέτες: Προσθήκη ετικέτας
Δεν υπάρχουν, Καταχωρήστε ετικέτα πρώτοι!

MARC

LEADER 00000cam a2200000 i 4500
001 1/55896
008 140915s2013 gr | ||| |||| ||gre||
020 |a 9786185004095 
035 |l 10119087 
040 |a GR-MyUa  |b gre  |e AACR2 
041 0 |a gre 
082 0 |a 889.1   |2 (23) 
100 1 |a Δασκαλόπουλος, Δημήτρης,   |d 1939- 
245 1 0 |a Κ.Π. Καβάφης :   |b η ποίηση και η ποιητική του /   |c Δημήτρης Δασκαλόπουλος. 
260 |a Αθήνα :   |b Κίχλη,   |c 2013. 
300 |a 252 σ. ;   |c 23 εκ. 
490 1 |a (Μελέτες - Δοκίμια / Κιχλή) 
504 |a Περιλαμβάνει βιβλιογραφικές παραπομπές και ευρετήριο. 
600 1 0 |a Καβάφης, Κωνσταντίνος Π.,   |d 1863-1933  |x Criticism and interpretation. 
600 1 0 |a Καβάφης, Κωνσταντίνος Π.,   |d 1863-1933. 
650 0 |a Greek poetry, Modern  |x History and criticism. 
830 0 |a Μελέτες - Δοκίμια (Κίχλη) 
852 |a INST  |b RHODES  |e 20140915  |h 889.1 ΔΑΣ  |p 005400036762  |q 005400036762  |t BK  |y 0 
901 |a BIBL4-2014-3 
922 |a 4ΕΛΗ  |b 201405  |c ΤΑΚ/ΠΤΔΕ  |d BEST BOOK HUNTERS 
970 |z 2014/09/15